000 00362nam a2200145Ia 4500
003 OSt
005 20240311104334.0
008 170523s9999 xx 000 0 und d
020 _a ‎ 978-8190749688
040 _cIIMT UNIVERSITY MEERUT
100 _aMiglani- S.
245 0 _aCommunication Skills-1
260 _aNew Delhi : Vayu Education
942 _2ddc
_c02
999 _c11693
_d11693